<?xml version="1.0" encoding="UTF-8"?>
<marc:record xmlns:marc="http://www.loc.gov/MARC21/slim">
   <marc:leader>00000nam a2200000 a 4500</marc:leader>
   <marc:datafield ind1="1" ind2=" " tag="100">
      <marc:subfield code="a">Saddlewick, A. B.</marc:subfield>
      <marc:subfield code="4">aut</marc:subfield>
      <marc:subfield code="e">Verfasser/-in</marc:subfield>
   </marc:datafield>
   <marc:datafield ind1="0" ind2="0" tag="245">
      <marc:subfield code="a">Super Sarah</marc:subfield>
   </marc:datafield>
   <marc:datafield ind1=" " ind2="1" tag="264">
      <marc:subfield code="a">Freiburg</marc:subfield>
      <marc:subfield code="b">KeRLE</marc:subfield>
      <marc:subfield code="c">2016</marc:subfield>
   </marc:datafield>
   <marc:datafield ind1="1" ind2=" " tag="520">
      <marc:subfield code="a">Angaben aus der Verlagsmeldung

Super Sarah : Willkommen im Club der Superhelden / von A. B. Saddlewick

Es gibt niemanden, der so tollpatschig ist wie Sarah. Aus jeder Verein fliegt sie raus, weil schon ihre bloße Anwesenheit Chaos anrichtet. Doch ausgerechnet sie soll ein Supertalent haben, das erst noch entdeckt werden will? Der gutaussehende Ben glaubt felsenfest daran und überredet sie, nachmittags mit ihm in den geheimen „Club der Superhelden“ zu kommen. Damit gerät der Stein ins Rollen, und ein rasantes Abenteuer beginnt, bei dem es um nichts weniger als die Rettung der Welt geht. Wird Sarah rechtzeitig ihre Superkraft finden – und hat sie überhaupt eine?
</marc:subfield>
   </marc:datafield>
   <marc:datafield ind1=" " ind2=" " tag="020">
      <marc:subfield code="a">9783451713408</marc:subfield>
      <marc:subfield code="9">9783451713408</marc:subfield>
   </marc:datafield>
   <marc:datafield ind1=" " ind2=" " tag="300">
      <marc:subfield code="a">187 Seiten</marc:subfield>
   </marc:datafield>
</marc:record>
